<?xml version='1.0' encoding='UTF-8'?>
  <record xmlns="http://www.loc.gov/MARC21/slim">
    <leader>00000cam a2200000 i 4500</leader>
    <controlfield tag="001">ocn900781031</controlfield>
    <controlfield tag="003">OCoLC</controlfield>
    <controlfield tag="005">20250531234935.7</controlfield>
    <controlfield tag="008">150126m18671871gw            000 0 ger d</controlfield>
    <datafield tag="040" ind1=" " ind2=" ">
      <subfield code="a">NLGGC</subfield>
      <subfield code="b">dut</subfield>
      <subfield code="e">fobidrtb</subfield>
      <subfield code="c">NLGGC</subfield>
      <subfield code="d">QGJ</subfield>
      <subfield code="d">OCLCO</subfield>
      <subfield code="d">OCLCQ</subfield>
      <subfield code="d">OCLCL</subfield>
      <subfield code="d">OCLCQ</subfield>
    </datafield>
    <datafield tag="029" ind1="0" ind2=" ">
      <subfield code="a">NLGGC</subfield>
      <subfield code="b">38783219X</subfield>
    </datafield>
    <datafield tag="035" ind1=" " ind2=" ">
      <subfield code="a">(OCoLC)900781031</subfield>
    </datafield>
    <datafield tag="082" ind1="0" ind2="4">
      <subfield code="a">912</subfield>
      <subfield code="q">OCoLC</subfield>
      <subfield code="1">https://id.oclc.org/worldcat/ddc/E3YGGCtTtXyg7Mg6vy3t8JXH3B</subfield>
    </datafield>
    <datafield tag="100" ind1="1" ind2=" ">
      <subfield code="a">Grundemann, R.</subfield>
      <subfield code="q">(Peter Reinhold),</subfield>
      <subfield code="d">1836-1924.</subfield>
      <subfield code="1">https://id.oclc.org/worldcat/entity/E39PBJymyPQB4kRFPbBfrwBwYP</subfield>
    </datafield>
    <datafield tag="245" ind1="1" ind2="0">
      <subfield code="a">Allgemeiner Missions-Atlas nach Originalquellen :</subfield>
      <subfield code="b">mit erläuterndem Texte /</subfield>
      <subfield code="c">von R. Grundemann.</subfield>
    </datafield>
    <datafield tag="260" ind1=" " ind2=" ">
      <subfield code="a">Gotha :</subfield>
      <subfield code="b">Perthes,</subfield>
      <subfield code="c">1867-1871.</subfield>
    </datafield>
    <datafield tag="300" ind1=" " ind2=" ">
      <subfield code="a">4 dl. (1 bd.) :</subfield>
      <subfield code="b">ill. ;</subfield>
      <subfield code="c">26 cm.</subfield>
    </datafield>
    <datafield tag="336" ind1=" " ind2=" ">
      <subfield code="a">tekst</subfield>
      <subfield code="b">txt</subfield>
      <subfield code="2">rdacontent/dut</subfield>
    </datafield>
    <datafield tag="337" ind1=" " ind2=" ">
      <subfield code="a">zonder medium</subfield>
      <subfield code="b">n</subfield>
      <subfield code="2">rdamedia/dut</subfield>
    </datafield>
    <datafield tag="338" ind1=" " ind2=" ">
      <subfield code="a">band</subfield>
      <subfield code="b">nc</subfield>
      <subfield code="2">rdacarrier/dut</subfield>
    </datafield>
    <datafield tag="505" ind1="0" ind2="0">
      <subfield code="g">I.</subfield>
      <subfield code="t">Die Missionen in Afrika, in zwanzig Karten --</subfield>
      <subfield code="g">II.</subfield>
      <subfield code="t">Die Missionen in Asien, in 29 Karten --</subfield>
      <subfield code="g">III.</subfield>
      <subfield code="t">Die Missionen in Polynesien, in 12 Karten--</subfield>
      <subfield code="g">IV.</subfield>
      <subfield code="t">Die Missionen in Amerika, in 11 Karten.</subfield>
    </datafield>
    <datafield tag="650" ind1=" " ind2="0">
      <subfield code="a">Missions</subfield>
      <subfield code="x">Geography</subfield>
      <subfield code="v">Maps.</subfield>
    </datafield>
    <datafield tag="650" ind1=" " ind2="0">
      <subfield code="a">Missions</subfield>
      <subfield code="z">Africa</subfield>
      <subfield code="x">Geography</subfield>
      <subfield code="v">Maps.</subfield>
    </datafield>
    <datafield tag="650" ind1=" " ind2="6">
      <subfield code="a">Missions</subfield>
      <subfield code="x">Géographie</subfield>
      <subfield code="v">Cartes.</subfield>
    </datafield>
    <datafield tag="650" ind1=" " ind2="6">
      <subfield code="a">Missions</subfield>
      <subfield code="z">Afrique</subfield>
      <subfield code="x">Géographie</subfield>
      <subfield code="v">Cartes.</subfield>
    </datafield>
    <datafield tag="650" ind1=" " ind2="7">
      <subfield code="a">Missions</subfield>
      <subfield code="x">Geography.</subfield>
      <subfield code="2">fast</subfield>
      <subfield code="0">(OCoLC)fst01023793</subfield>
    </datafield>
    <datafield tag="651" ind1=" " ind2="7">
      <subfield code="a">Africa.</subfield>
      <subfield code="2">fast</subfield>
      <subfield code="0">(OCoLC)fst01239509</subfield>
      <subfield code="1">https://id.oclc.org/worldcat/entity/E39PBJkHrMyfHC67yqRTycbrv3</subfield>
    </datafield>
    <datafield tag="655" ind1=" " ind2="7">
      <subfield code="a">Maps.</subfield>
      <subfield code="2">fast</subfield>
      <subfield code="0">(OCoLC)fst01423704</subfield>
    </datafield>
    <datafield tag="758" ind1=" " ind2=" ">
      <subfield code="a">Allgemeiner Missions-Atlas nach Originalquellen (Text)</subfield>
      <subfield code="1">https://id.oclc.org/worldcat/entity/E39PCGHBjgFcM3VXHX3V9RGBHd</subfield>
      <subfield code="4">https://id.oclc.org/worldcat/ontology/hasWork</subfield>
    </datafield>
    <datafield tag="936" ind1=" " ind2=" ">
      <subfield code="a">BATCHLOAD</subfield>
    </datafield>
  </record>